Structure and Change In Indian Society (Record no. 9486)

000 -LEADER
fixed length control field 00295nam a2200109Ia 4500
008 - FIXED-LENGTH DATA ELEMENTS--GENERAL INFORMATION
fixed length control field 201231s9999 xx 000 0 und d
100 ## - MAIN ENTRY--PERSONAL NAME
Personal name Singer, Milton and Cohn, Bernard S.
245 #0 - TITLE STATEMENT
Title Structure and Change In Indian Society
260 ## - PUBLICATION, DISTRIBUTION, ETC.
Place of publication, distribution, etc. Jaipur
Name of publisher, distributor, etc. Rawat Publications
300 ## - PHYSICAL DESCRIPTION
Extent 507
942 ## - ADDED ENTRY ELEMENTS (KOHA)
Koha item type Books
Holdings
Withdrawn status Lost status Damaged status Not for loan Permanent Location Date acquired Full call number Barcode Date last seen Price effective from Koha item type
        IMU Kolkata 2020-12-31 306.850954 S61718 PM04946 2020-12-31 2020-12-31 Books
Designed and Maintained by IMU-KC Library, Kolkata Campus © Copyright All Rights Reserved

webs counters

Powered by Koha